LEADER 01408nam a2200265 u 4500 001 000000136182 003 CaOOAMICUS 005 20131114114205.0 008 131114s2013 it m u000 u spa r 040 $aGP2$bita$dPUL 100 1 $aPerdiz Figueroa, Oscar.$0(OLS)http://pul/name/87679 245 10$a"Ascendens in personam":$bla génesis de la vida hacia la persona : el acceso adecuado de Julian Marias (1914-2005) a la realidad humana /$cOscar Perdiz Figueroa. 260 $aRomae :$b[s.n.],$c2013. 300 $a356 p.$c24 cm 502 $aTesi di Dottorato- S. Theologia, Pontificium Institutum Joannes Paulus II studiorum matrimonii et familiae, 2013 504 $aBibliografia : p. 332-351. 600 14$aMarías, Julián,$d1914-$0(OLS)http://pul/subject/21779 650 4$aAntropologia filosofica.$0(OLS)http://pul/subject/676 710 2 $aPontificia Università Lateranense.$bIstituto Giovanni Paolo II per studi sul matrimonio e famiglia.$kTesi.$0(OLS)http://pul/name/83258 850 $aPUL 852 $aPUL$W1$xDP1 Tesi Ist.Giovanni Paolo II$y67$m2013 B 4$j155769$qTesi$B156365$CPULBib$Z2$F156365 $82 941 1 $a16 996 $6245$a"Ascendens in personam":$bla génesis de la vida hacia la persona : el acceso adecuado de Julian Marias (1914-2005) a la realidad humana$9(OLS)http://pul/title/172204 996 $6260$aRomae :$b[s.n.]$9(OLS)http://pul/publisher/48223 LEADER 01099nam a2200253 u 4500 001 000000001823 003 CaOOAMICUS 005 20070226104345.0 008 940514s1977 it u000 u ita u 035 $a10045482 040 $aPUL(R)$bita 100 1 $aGioia, Francesco,$carcivescovo di Camerino-San Severino Marche$b1938-$0(OLS)http://pul/name/1979 245 10$aPedagogia ebraica dalle origini all'era volgare /$cFrancesco Gioia ; prefazione di Elio Toaff. 260 $aAssisi ;$aRoma :$bB. Carucci,$cc1977. 300 $a239 p. ;$c21 cm 490 1 $aCollana di cultura ebraica ;$v10 650 4$aInsegnamento.$0(OLS)http://pul/subject/1726 830 0$aCollana di cultura ebraica ;$v10.$0(OLS)http://pul/title/2732 850 $aPUL 852 $aPUL$W1$xSL Religione 1$y3$m7(1) D 42$j2425$nBK-PRI$b $qStampati$B2425$CPULBib$Z2$F2425 $H $81 941 1 $a8 961 $aINV: 44879 996 $6245$aPedagogia ebraica dalle origini all'era volgare$9(OLS)http://pul/title/2731 996 $6260$aAssisi ;$aRoma :$bB. Carucci$9(OLS)http://pul/publisher/48992